Nuevos estudios sobre Francisco J. Múgica. (Record no. 178464)

MARC details
000 -CABECERA
campo de control de longitud fija 00603nam a2200205 u 4500
005 - FECHA Y HORA DE LA ÚLTIMA TRANSACCIÓN
campo de control 20210223132750.0
008 - ELEMENTOS DE LONGITUD FIJA--INFORMACIÓN GENERAL
campo de control de longitud fija 151026s2004 mx r 000 0 spa d
020 ## - NÚMERO INTERNACIONAL NORMALIZADO PARA LIBROS
Número Internacional Estándar del Libro 9706287612
035 ## - NÚMERO DE CONTROL DEL SISTEMA
Número de control de sistema UPN01000206363
049 ## - COLECCIÓN
Colección CG
050 #4 - SIGNATURA TOPOGRÁFICA DE LA BIBLIOTECA DEL CONGRESO
Número de clasificación F1234.5 M8
Número de documento/Ítem N8.4
245 00 - MENCIÓN DE TÍTULO
Título Nuevos estudios sobre Francisco J. Múgica.
260 ## - PUBLICACIÓN, DISTRIBUCIÓN, ETC.
Lugar de publicación, distribución, etc. México :
Nombre del editor, distribuidor, etc. INEHRM,
Fecha de publicación, distribución, etc. 2004.
300 ## - DESCRIPCIÓN FÍSICA
Extensión 763 p.
440 #0 - MENCIÓN DE SERIE/ASIENTO SECUNDARIO--TÍTULO
Título Biblioteca INEHRM
500 ## - NOTA GENERAL
Nota general En la portada dice "Nuevos ensayos sobre Francisco J. Múgica"
600 14 - ASIENTO SECUNDARIO DE MATERIA - NOMBRE PERSONAL
Nombre de persona MUGICA VELAZQUEZ, FRANCISCO JOSE,
Fechas asociadas al nombre 1884-1954
9 (RLIN) 24499
905 ## - TIPO DE MATERIAL
Tipo de material Libro
Holdings
Estado de retiro Estado de pérdida Fuente del sistema de clasificación o colocación Estado dañado No para préstamo Código de colección Localización permanente Ubicación/localización actual Ubicación en estantería Total de préstamos Clasificación Código de barras Fecha visto por última vez Número de copia Tipo de ítem Koha
    Library of Congress Classification     Colección General Bib. Gregorio Torres Quintero Bib. Gregorio Torres Quintero Planta baja   F1234.5 M8 N8.4 307460 31/12/2020 1 Libro